[Event "HUN-ch"]
[Site "Budapest"]
[Date "1979.??.??"]
[Round "3"]
[White "Petran, Pal"]
[Black "Schneider, Attila"]
[Result "0-1"]
[WhiteElo "2410"]
[BlackElo "2320"]

1.d4 Nf6 2.c4 g6 3.Nc3 d5 4.cxd5 Nxd5 5.e4 Nxc3 6.bxc3 Bg7 7.Bc4 c5 8.Ne2 Nc6
9.Be3 O-O 10.O-O Na5 11.Bd3 cxd4 12.cxd4 b6 13.Rc1 e6 14.Qd2 Bb7 15.Bh6 Qe7
16.Bg5 Qd7 17.Qe3 Rfc8 18.h4 Nc6 19.Bb5 a6 20.Bxc6 Bxc6 21.Rfd1 Ba4 22.Rxc8+ Rxc8
23.Rd2 Bb5 24.Ng3 h5 25.e5 Qd5 26.Kh2 Rc4 27.f3 Bc6 28.Ne4 Rxd4 29.Bf6 Rxd2
30.Nxd2 Qxa2 31.Qxb6 Bxf6 32.exf6 Qxd2 33.Qxc6 Qf4+ 34.Kh3 Qxf6 35.Qxa6 Qf4
36.Qc8+ Kh7 37.Qd7 e5 38.Qd5 Kg7 39.g3 Qd4 40.Qc6 Qg1  0-1

[Event "BCF-ch"]
[Site "Chester"]
[Date "1979.??.??"]
[Round "7"]
[White "Cooper, John Grantley"]
[Black "Cooley, Christopher Martin"]
[Result "1-0"]
[WhiteElo "2345"]
[BlackElo "2200"]

1.d4 Nf6 2.c4 g6 3.Nc3 d5 4.cxd5 Nxd5 5.e4 Nxc3 6.bxc3 Bg7 7.Bc4 O-O 8.Ne2 b6
9.h4 Bb7 10.Qd3 e5 11.h5 Qd6 12.hxg6 Qxg6 13.Ng3 exd4 14.cxd4 Re8 15.Be3 Nc6
16.Rh5 h6 17.Rf5 Re7 18.e5 Rd8 19.O-O-O Nb4 20.Qb3 Nd5 21.Bd2 c5 22.Rf3 cxd4
23.Nf5 Rc7 24.Kb2 Bxe5 25.Nxh6+ Kf8 26.Bd3 Qxg2 27.Rf5 Qg7 28.Rg5 Rc3 29.Qb5 Bc6
30.Rxg7 Bxb5 31.Rxf7+ Ke8 32.Bxb5+  1-0

[Event "BCF-ch"]
[Site "Chester"]
[Date "1979.??.??"]
[Round "10"]
[White "Chandler, Murray G"]
[Black "Littlewood, John Eric"]
[Result "1/2-1/2"]
[WhiteElo "2380"]
[BlackElo "2375"]

1.d4 Nf6 2.c4 g6 3.Nc3 d5 4.cxd5 Nxd5 5.e4 Nxc3 6.bxc3 Bg7 7.Nf3 O-O 8.Be2 c5
9.O-O cxd4 10.cxd4 Nc6 11.Be3 Bg4 12.d5 Bxf3 13.Bxf3 Nb4 14.Rb1 Nxa2 15.Rxb7 a5
16.Qd2 Nc3 17.Bd4 Bxd4 18.Qxd4 Rc8 19.e5 a4 20.d6 exd6 21.exd6 a3 22.g3 a2
23.Kg2 Qa5 24.d7 Rb8 25.Ra7 Qb4 26.Qxb4 Rxb4 27.Rc1 Ra4 28.Rxa4 Nxa4 29.Bd5 Nb6
30.Bxa2 Nxd7 31.Rc7 Nf6 32.f4 Kg7 33.Kf3 h6 34.g4 g5 35.Ra7 Kg6 36.Bb3 Kg7
37.Bc4 Ne8 38.Ba2 Nf6 39.Ra5 gxf4 40.Ra7 Ne8 41.Kxf4 Kf6 42.h4 Ng7 43.g5+ hxg5+
44.hxg5+ Kg6 45.Bb1+ Kh5 46.Ra2 Ne6+ 47.Kf5 Nd4+ 48.Kf6 Rb8 49.Rh2+ Kg4 50.Rg2+ Kf4
51.Ba2 Nf3 52.Bxf7 Rb6+ 53.Be6 Nd4 54.Rg4+ Ke3 55.Rxd4 Kxd4 56.g6 Rb7  1/2-1/2

[Event "BCF-ch"]
[Site "Chester"]
[Date "1979.??.??"]
[Round "11"]
[White "Cooper, John Grantley"]
[Black "Knott, Simon JB"]
[Result "1-0"]
[WhiteElo "2345"]
[BlackElo "2210"]

1.d4 Nf6 2.c4 g6 3.Nc3 d5 4.cxd5 Nxd5 5.e4 Nxc3 6.bxc3 Bg7 7.Nf3 c5 8.Rb1 O-O
9.Be2 Nc6 10.d5 Bxc3+ 11.Bd2 Bxd2+ 12.Qxd2 Nb8 13.h4 f6 14.h5 g5 15.Nxg5 fxg5
16.Qxg5+ Kh8 17.h6 Qa5+ 18.Kf1 Qc3 19.e5 Rg8 20.Qxe7 Nd7 21.Rh5 Qc2 22.Rd1 Qg6
23.Bd3 Re8 24.Qh4 Qf7 25.e6 Qe7 26.exd7 Bxd7 27.Rg5 Bf5 28.Kg1 Bxd3 29.Rxd3 Qe1+
30.Kh2 Qa1 31.Rd1 Qc3 32.d6 Re6 33.d7 Qf6 34.Kg1 Rd8 35.Qg3 b6 36.Rf5 Qe7
37.Qc3+ Kg8 38.Qd2 c4 39.Rg5+ Rg6 40.Qd5+ Kh8 41.Re5  1-0

[Event "Hamburg m"]
[Site "Hamburg"]
[Date "1979.??.??"]
[Round "2"]
[White "Hort, Vlastimil"]
[Black "Huebner, Robert"]
[Result "1/2-1/2"]
[WhiteElo "2600"]
[BlackElo "2595"]

1.d4 Nf6 2.c4 g6 3.Nc3 d5 4.cxd5 Nxd5 5.e4 Nxc3 6.bxc3 Bg7 7.Nf3 O-O 8.Be2 c5
9.O-O b6 10.Be3 Bb7 11.Qd3 e6 12.Rad1 cxd4 13.cxd4 Qd6 14.Bc1 Re8 15.Qe3 Ba6
16.Ba3 Qd7 17.Bxa6 Nxa6 18.Qb3 Rac8 19.Rd3 Nc7 20.Rb1 Red8 21.h3 h6 22.d5 exd5
23.exd5 Ne6 24.d6 Rc5 25.Rbd1 Rf5 26.Re3  1/2-1/2

[Event "Hamburg m"]
[Site "Hamburg"]
[Date "1979.??.??"]
[Round "4"]
[White "Hort, Vlastimil"]
[Black "Huebner, Robert"]
[Result "1/2-1/2"]
[WhiteElo "2600"]
[BlackElo "2595"]

1.d4 Nf6 2.c4 g6 3.Nc3 d5 4.cxd5 Nxd5 5.e4 Nxc3 6.bxc3 Bg7 7.Bc4 O-O 8.Ne2 Nc6
9.O-O b6 10.Be3 Bb7 11.f3 e6 12.Rb1 Qd7 13.Bb5 Qe7 14.Qc1 Na5 15.Rd1 c6 16.Bd3 e5
17.Bh6 Bc8 18.Bxg7 Kxg7 19.Qb2 Be6 20.dxe5 Qc5+ 21.Nd4 Qxe5 22.Qf2 Rae8 23.f4 Qc7
24.e5 f6 25.exf6+ Rxf6 26.Re1 c5 27.Nxe6+ Rfxe6 28.g3 Qe7 29.Rxe6 Qxe6 30.Rd1  1/2-1/2

[Event "Hillerod"]
[Site "Hillerod"]
[Date "1979.??.??"]
[Round "4"]
[White "Riis, Soren"]
[Black "Lauritzen, S."]
[Result "1/2-1/2"]
[WhiteElo "2200"]
[BlackElo "2200"]

1.d4 Nf6 2.c4 g6 3.Nc3 d5 4.cxd5 Nxd5 5.e4 Nxc3 6.bxc3 Bg7 7.Bc4 O-O 8.Ne2 Nc6
9.f4 Na5 10.Bd3 b6 11.Be3 e6 12.O-O f5 13.Kh1 Bb7 14.exf5 exf5 15.Ng1 c5
16.dxc5 bxc5 17.Qc2 c4 18.Be2 Re8 19.Rad1 Qe7 20.Bd4 Be4 21.Qa4 Qb7 22.Bf3 Bxd4
23.Rxd4 Qb6 24.Bxe4 Rxe4 25.Rxe4 fxe4 26.Re1 e3 27.Nf3 Rd8 28.Ne5 e2 29.Qc2 Qf2
30.Nf3 Qf1+ 31.Ng1 Qxe1 32.Qe4 Qxg1+ 33.Kxg1 Rd1+ 34.Kf2 e1=Q+ 35.Qxe1 Rxe1
36.Kxe1 Kf7 37.Ke2 Ke6 38.Ke3 Kd5 39.g4 Nc6 40.h4 h5 41.f5 Ne5 42.fxg6 Nxg4+
43.Kf4 Ke6 44.Kg5 Nf6 45.Kh6 Ke7 46.Kg7 Ne8+ 47.Kh6 Nf6 48.Kg7 a5 49.a4  1/2-1/2

[Event "Hillerod"]
[Site "Hillerod"]
[Date "1979.??.??"]
[Round "6"]
[White "Nielsen, Jacob Woge"]
[Black "Larsen, Ole"]
[Result "1-0"]
[WhiteElo "2200"]
[BlackElo "2200"]

1.d4 Nf6 2.c4 g6 3.Nc3 d5 4.cxd5 Nxd5 5.e4 Nxc3 6.bxc3 Bg7 7.Bb5+ c6 8.Bc4 c5
9.Be3 Nc6 10.Ne2 O-O 11.O-O Qc7 12.Rc1 Rd8 13.Qa4 Na5 14.Rfd1 Bd7 15.Bb5 Nc6
16.Qc4 Rac8 17.Qxc5 Qa5 18.Bxc6 Qxc5 19.dxc5 Bxc6 20.f3 Ba4 21.Rd5 e6 22.Rd6 Be5
23.Rxd8+ Rxd8 24.Bd4 Bg7 25.e5 Rd5 26.f4 Bf8 27.c4 Rd7 28.Kf2 a6 29.Ke3 Rc7
30.Nc3 Bc6 31.g3 Be7 32.Nd1 Bg2 33.Nc3 Bxc5 34.Rc2 Bxd4+ 35.Kxd4 Bc6 36.Ne4 Bxe4
37.Kxe4 Kf8 38.Kd4 Ke7 39.Rb2 Rd7+ 40.Kc5 Kd8 41.Rb6 Rc7+ 42.Kd4 Rd7+ 43.Rd6 Rxd6+
44.exd6 f6 45.c5 Kd7 46.g4 h6 47.g5 hxg5 48.fxg5 fxg5 49.Ke5 a5 50.h3 a4
51.a3 g4 52.hxg4 g5 53.Kf6  1-0

[Event "Lodz"]
[Site "Lodz"]
[Date "1979.??.??"]
[Round "3"]
[White "Luczak, Andrzej"]
[Black "Kirov, Nino"]
[Result "1/2-1/2"]
[WhiteElo "2440"]
[BlackElo "2420"]

1.c4 Nf6 2.Nc3 d5 3.cxd5 Nxd5 4.d4 g6 5.e4 Nxc3 6.bxc3 Bg7 7.Nf3 c5 8.Bb5+ Nc6
9.O-O cxd4 10.cxd4 O-O 11.Bxc6 bxc6 12.Ba3 Bg4 13.Bc5 Re8 14.h3 Bxf3 15.Qxf3 Bxd4
16.Rad1 e5 17.a3 Rc8 18.Rd3 Rc7 19.Rfd1 Rd7 20.R1d2 h5 21.a4 Qa5 22.Bxd4 exd4
23.Rxd4 Qxd2 24.Rxd2 Rxd2 25.Qe3 Ra2 26.Qd4 Re2 27.f3 Rb8 28.e5 h4 29.f4 g5
30.fxg5 Rbb2 31.Qd8+ Kh7 32.g6+  1/2-1/2

[Event "Naleczow"]
[Site "Naleczow"]
[Date "1979.??.??"]
[Round "11"]
[White "Plachetka, Jan"]
[Black "Ghinda, Mihail Viorel"]
[Result "1/2-1/2"]
[WhiteElo "2445"]
[BlackElo "2455"]

1.d4 Nf6 2.c4 g6 3.Nc3 d5 4.cxd5 Nxd5 5.e4 Nxc3 6.bxc3 Bg7 7.Nf3 c5 8.Rb1 O-O
9.Be2 Bg4 10.Rxb7 Nc6 11.O-O cxd4 12.cxd4 Bc8 13.Rb3 Nxd4 14.Nxd4 Qxd4 15.Be3 Qa4
16.Bc5 Qxa2 17.Bc4 Ba6 18.Bxa6 Qxa6 19.Bxe7 Rfe8 20.Qd5 Qe6 21.Qxe6 fxe6
22.Bd6 Bf8 23.Bxf8 Kxf8 24.Ra1 a5 25.Rb5 a4 26.Rb4 a3 27.Rb3 Ra4 28.Rf3+ Kg8  1/2-1/2

[Event "Rubinstein mem"]
[Site "Polanica Zdroj"]
[Date "1979.??.??"]
[Round "7"]
[White "Razuvaev, Yuri S"]
[Black "Jansa, Vlastimil"]
[Result "1/2-1/2"]
[WhiteElo "2470"]
[BlackElo "2495"]

1.d4 Nf6 2.c4 g6 3.Nc3 d5 4.cxd5 Nxd5 5.e4 Nxc3 6.bxc3 Bg7 7.Bc4 O-O 8.Ne2 c5
9.O-O Nc6 10.Be3 Na5 11.Bd3 b6 12.Rc1 cxd4 13.cxd4 e6 14.Qd2 Bb7 15.h4 Qd7
16.Bh6 Rac8 17.Bxg7 Kxg7 18.Qg5 Qd8 19.Qg3 Nc6 20.h5 Qe7 21.d5 exd5 22.exd5 Ne5
23.Nf4 Nxd3 24.Qxd3 Qf6 25.Ne2 h6 26.Rxc8 Rxc8 27.Rd1 Rc5  1/2-1/2

[Event "Rubinstein mem"]
[Site "Polanica Zdroj"]
[Date "1979.??.??"]
[Round "9"]
[White "Knaak, Rainer"]
[Black "Jansa, Vlastimil"]
[Result "1-0"]
[WhiteElo "2565"]
[BlackElo "2495"]

1.d4 Nf6 2.c4 g6 3.Nc3 d5 4.cxd5 Nxd5 5.e4 Nxc3 6.bxc3 Bg7 7.Bc4 O-O 8.Be3 c5
9.Ne2 Nc6 10.O-O Na5 11.Bd3 b6 12.Rc1 cxd4 13.cxd4 e6 14.Qd2 Bb7 15.h4 Nc6
16.Bb5 Rc8 17.h5 a6 18.Bxc6 Rxc6 19.f3 Qd7 20.Bh6 Bxh6 21.Qxh6 Rfc8 22.Qf4 Rxc1
23.Rxc1 Rxc1+ 24.Qxc1 f5 25.exf5 exf5 26.Qg5 Qe8 27.Kf2 Kg7 28.Nf4 h6 29.Qxg6+ Qxg6
30.hxg6 Bc6 31.d5 Be8 32.d6 b5 33.Ke3 Kf6 34.Kd4 a5 35.a3 Kg7 36.Ke5 Bd7
37.Ne6+  1-0

[Event "SWE-ch"]
[Site "?"]
[Date "1979.??.??"]
[Round "?"]
[White "Lekander, Rolf"]
[Black "Svenn, Matti"]
[Result "1-0"]
[WhiteElo "2285"]
[BlackElo "2200"]

1.c4 g6 2.d4 Nf6 3.Nc3 d5 4.cxd5 Nxd5 5.e4 Nxc3 6.bxc3 Bg7 7.Bc4 O-O 8.Ne2 Qd7
9.O-O b6 10.Be3 Bb7 11.f3 Nc6 12.Rc1 Na5 13.Bd3 c5 14.d5 e6 15.c4 b5 16.Bxc5 Rfd8
17.cxb5 exd5 18.Qa4 dxe4 19.Bxe4 Bxe4 20.fxe4 Nb7 21.Bf2 a6 22.Bb6  1-0

[Event "SWE-ch"]
[Site "?"]
[Date "1979.??.??"]
[Round "?"]
[White "Ekstroem, Roland"]
[Black "Wedberg, Tom"]
[Result "1/2-1/2"]
[WhiteElo "2385"]
[BlackElo "2425"]

1.d4 Nf6 2.c4 g6 3.Nc3 d5 4.cxd5 Nxd5 5.e4 Nxc3 6.bxc3 Bg7 7.Bc4 O-O 8.Ne2 Qd7
9.O-O b6 10.f4 Bb7 11.Qd3 Nc6 12.f5 Na5 13.Ba6 Bxa6 14.Qxa6 c5 15.Qd3 cxd4
16.cxd4 Nc6 17.Bb2 Rac8 18.Rad1 Nb4 19.Qb3 Qb5 20.Nf4 Qc4 21.Qa3 a5 22.e5 Qxa2
23.Qxa2 Nxa2 24.Nd5 Rfe8 25.f6 exf6 26.Nxf6+ Bxf6 27.Rxf6 Re6 28.Rf3 Nb4
29.d5 Rd8 30.d6 Nc6 31.Rd5 f6 32.exf6 Kf7 33.Rh3 h5 34.d7 Re2 35.Rc3 Nb8
36.Bc1 Ke6 37.Kf1 Kxd5 38.Kxe2 Rxd7 39.Bg5 Rf7 40.Re3 Kd6 41.Bf4+ Kc5 42.Bxb8 Rxf6
43.Kd3 Kb4 44.Be5  1/2-1/2

[Event "URS-ch (Women)"]
[Site "Tbilisi"]
[Date "1979.??.??"]
[Round "15"]
[White "Kozlovskaya, Valentina"]
[Black "Litinskaya, Marta I"]
[Result "1-0"]
[WhiteElo "2265"]
[BlackElo "2265"]

1.d4 Nf6 2.c4 g6 3.Nc3 d5 4.cxd5 Nxd5 5.e4 Nxc3 6.bxc3 Bg7 7.Bc4 O-O 8.Ne2 c5
9.O-O Nc6 10.Be3 Na5 11.Bd3 cxd4 12.cxd4 b6 13.Rc1 e6 14.Qd2 Bb7 15.Bh6 Qd7
16.Bxg7 Kxg7 17.h4 Rac8 18.Qf4 f6 19.Qg3 Nc6 20.Rcd1 Qc7 21.Qh3 e5 22.d5 Nb4
23.Bb5 Qd6 24.h5 Rc2 25.h6+ Kf7 26.Rfe1 Bc8 27.Qb3 Rxa2 28.Rc1 Ra5 29.Nc3 Na6
30.Bc6 Nc5 31.Qb4 Qb8 32.Red1 Na6 33.Qb3 Nc5 34.Qb2 Rd8 35.f3 Ba6 36.Bb5 Bc8
37.Nb1 Bd7 38.Bxd7 Rxd7 39.Na3 Qf8 40.Nc4 Ra6 41.Qb5 Qxh6 42.Nxe5+ fxe5 43.Rxc5 Qe3+
44.Kf1 Qxc5 45.Qxd7+ Qe7 46.Qc8 Ra2 47.Rc1 Qe8 48.Qb7+ Kf6 49.Rc6+ Kg5 50.Qxh7 Kf4
51.Qh4+ Ke3 52.Qe1+ Kf4 53.Qc1+  1-0

[Event "Tilburg"]
[Site "Tilburg"]
[Date "1979.??.??"]
[Round "3"]
[White "Spassky, Boris V"]
[Black "Huebner, Robert"]
[Result "1-0"]
[WhiteElo "2640"]
[BlackElo "2595"]

1.d4 Nf6 2.c4 g6 3.Nc3 d5 4.cxd5 Nxd5 5.e4 Nxc3 6.bxc3 Bg7 7.Bc4 O-O 8.Ne2 Nc6
9.O-O b6 10.Be3 Bb7 11.f4 e6 12.f5 Na5 13.Bd3 exf5 14.exf5 Re8 15.Qd2 Be4
16.Bg5 f6 17.Bxe4 Rxe4 18.Qd3 Qd5 19.Bd2 g5 20.Ng3 Rh4 21.Rae1 Rf8 22.Ne4 Nc4
23.Bc1 c5 24.Qf3 Kh8 25.Nxg5 Qd6 26.g3 fxg5 27.gxh4 g4 28.Qxg4 Bxd4+ 29.cxd4 Rg8
30.Bg5  1-0

[Event "Tirnavia-A"]
[Site "Trnava"]
[Date "1979.??.??"]
[Round "6"]
[White "Moehring, Guenther"]
[Black "Pavlov, Mircea"]
[Result "1-0"]
[WhiteElo "2400"]
[BlackElo "2410"]

1.d4 Nf6 2.c4 g6 3.Nc3 d5 4.cxd5 Nxd5 5.e4 Nxc3 6.bxc3 Bg7 7.Bc4 O-O 8.Be3 c5
9.Qd2 Qa5 10.Rd1 Nd7 11.Ne2 Nb6 12.Bd3 cxd4 13.cxd4 Qxd2+ 14.Rxd2 Bd7 15.O-O Rfc8
16.Rb1 e6 17.f3 f6 18.Kf2 Bf8 19.g4 Kf7 20.h4 Ba4 21.g5 f5 22.d5 fxe4 23.dxe6+ Kxe6
24.Bxe4 Rc7 25.h5 Bc5 26.Nf4+ Kf7 27.hxg6+ hxg6 28.Bxg6+ Kg8 29.Bxc5 Rxc5
30.Ne6 Ra5 31.Rb4 Be8 32.Nc7 Rc8 33.Nxe8 Rxg5 34.Nd6 Rd8 35.Rg4 Rxg4 36.fxg4 Nc8
37.Ne4 Rxd2+ 38.Nxd2 Kg7 39.Bd3 Kf6 40.Ke3 Kg5 41.Bf5 Ne7 42.Nf3+  1-0

[Event "Tirnavia-A"]
[Site "Trnava"]
[Date "1979.??.??"]
[Round "10"]
[White "Moehring, Guenther"]
[Black "Tseitlin, Mikhail S"]
[Result "1/2-1/2"]
[WhiteElo "2400"]
[BlackElo "2505"]

1.d4 Nf6 2.c4 g6 3.Nc3 d5 4.cxd5 Nxd5 5.e4 Nxc3 6.bxc3 Bg7 7.Bc4 O-O 8.Ne2 Qd7
9.O-O b6 10.e5 Ba6 11.Bxa6 Nxa6 12.f4 c5 13.f5 Nc7 14.f6 exf6 15.exf6 Bh8
16.Bf4 Nd5 17.Be5 Rfe8 18.Rf3 cxd4 19.cxd4 Bxf6 20.Rxf6 Nxf6 21.Bxf6 Qe6
22.Be5 f6 23.Nf4 Qf5 24.Bc7 Rac8 25.Qb3+ Kg7 26.Nd5 Re2 27.Rf1 Qe4 28.Qf3 Qxf3
29.Rxf3 Rc2 30.Bd6 Rd2 31.Nc7 Rxa2 32.d5 Rc2 33.Ne6+ Kf7 34.Ng5+ Kg8 35.Ne4 f5
36.Nf6+ Kf7 37.Nxh7 Rd8 38.Ng5+ Kg8 39.Bf4 Rxd5 40.h4 Rd4 41.Ne6 Re4 42.Ng5 Rd4
43.Ne6 Rd1+ 44.Kh2 Re2 45.Ng5 Rd4 46.Kg3 b5 47.Rc3 Rc4 48.Rd3 Kf8 49.Rd7 Rc3+
50.Kh2 Ke8 51.Rxa7 Rc4 52.Kg3 Rc3+ 53.Kh2 Rc4  1/2-1/2

[Event "URS Spartakiad"]
[Site "URS"]
[Date "1979.??.??"]
[Round "?"]
[White "Butnorius, Algimantas"]
[Black "Beliavsky, Alexander G"]
[Result "1/2-1/2"]
[WhiteElo "2400"]
[BlackElo "2595"]

1.d4 Nf6 2.c4 g6 3.Nc3 d5 4.cxd5 Nxd5 5.e4 Nxc3 6.bxc3 Bg7 7.Bc4 c5 8.Ne2 O-O
9.O-O Nc6 10.Be3 Qc7 11.Rc1 Rd8 12.Qd2 Qa5 13.Rfd1 Bd7 14.Bh6 cxd4 15.Bxg7 Kxg7
16.cxd4 Qxd2 17.Rxd2 Rac8 18.Rdc2 b5 19.Bxb5 Nxd4 20.Rxc8 Nxe2+ 21.Bxe2 Bxc8
22.Rc2 Be6 23.f3 Rd4 24.Bb5 Rd6 25.Kf2 Rb6 26.a4 Rb7  1/2-1/2

[Event "Hoogovens"]
[Site "Wijk aan Zee"]
[Date "1979.??.??"]
[Round "7"]
[White "Polugaevsky, Lev"]
[Black "Miles, Anthony J"]
[Result "1/2-1/2"]
[WhiteElo "2625"]
[BlackElo "2560"]

1.d4 Nf6 2.c4 g6 3.Nc3 d5 4.cxd5 Nxd5 5.e4 Nxc3 6.bxc3 Bg7 7.Bc4 c5 8.Ne2 O-O
9.O-O Nc6 10.Be3 b6 11.Rc1 Bb7 12.d5 Ne5 13.Bb3 c4 14.Bc2 e6 15.dxe6 Nd3
16.Bxd3 Qxd3 17.exf7+ Rxf7 18.Ng3 Bxe4 19.Qa4 Qd5 20.Nxe4 Qxe4 21.Rfe1 Qd5
22.Rcd1 Qb7 23.Qxc4 Rc8 24.Qe6 Bxc3 25.Re2 Qc6 26.Qxc6 Rxc6 27.Rc2 Rcc7 28.Rd8+  1/2-1/2

[Event "BCF-ch"]
[Site "Brighton"]
[Date "1980.08.12"]
[Round "8"]
[White "Pein, Malcolm"]
[Black "King, Daniel J"]
[Result "1/2-1/2"]
[WhiteElo "2240"]
[BlackElo "2330"]

1.d4 Nf6 2.c4 g6 3.Nc3 d5 4.cxd5 Nxd5 5.e4 Nxc3 6.bxc3 Bg7 7.Bc4 c5 8.Ne2 O-O
9.Be3 Nc6 10.O-O Qc7 11.Rc1 Rd8 12.Qd2 e5 13.d5 Na5 14.Bd3 c4 15.Bc2 b5 16.f4 f6
17.fxe5 fxe5 18.Bg5 Re8 19.Rcd1 Qd6 20.Bh6 Bg4 21.Be3  1/2-1/2

[Event "BCF-ch"]
[Site "Brighton"]
[Date "1980.08.13"]
[Round "9"]
[White "Cooper, John Grantley"]
[Black "Pein, Malcolm"]
[Result "1-0"]
[WhiteElo "2335"]
[BlackElo "2240"]

1.d4 Nf6 2.c4 g6 3.Nc3 d5 4.cxd5 Nxd5 5.e4 Nxc3 6.bxc3 Bg7 7.Bc4 O-O 8.Ne2 c5
9.O-O Nc6 10.Be3 Qc7 11.Rc1 Rd8 12.Kh1 a6 13.f4 b5 14.Bd3 e6 15.f5 exf5 16.exf5 Qe7
17.Qd2 cxd4 18.cxd4 Nxd4 19.Bg5 f6 20.Nxd4 Rxd4 21.Be3 Rd7 22.Rfd1 gxf5 23.Bf4 Kh8
24.Qf2 Bb7 25.Bxf5 Rxd1+ 26.Rxd1 Re8 27.h3 Bc6 28.Kh2 Qb4 29.Rd4 Qc5 30.Bd6 Qc1
31.Rh4 h6 32.Bc2 Re1 33.Bf4 Rh1+ 34.Kg3 Qe1 35.Bxh6 Qxf2+ 36.Kxf2 Bxh6 37.Rxh6+ Kg7
38.Rh7+ Kg8 39.Ra7 Rh2 40.Bb3+ Kh8 41.Rxa6 Rxg2+ 42.Kf1 Be4 43.Re6 Bb7 44.Rxf6 Rg3
45.Kf2 Rg2+ 46.Ke3 Rg3+ 47.Kf2 Rg2+ 48.Ke3 Rg3+ 49.Kd4 Bg2 50.Be6 Kg7 51.Rf7+ Kg6
52.Rf8 Kh7 53.Rf4 Bf3 54.Ke5 Be2 55.Rf7+ Kg6 56.Rf6+ Kg7 57.Rf7+ Kg6 58.Rf4 Ra3
59.Bb3 Bc4 60.Rf3 Rxa2 61.Bxa2 Bxa2 62.Rf4 Kg5 63.h4+ Kh5 64.Ke4 Bb1+ 65.Kf3 Bd3
66.Kg3 Kg6 67.Rd4 Bf1 68.Rd5 Be2 69.Re5 Bd3 70.Rd5 Bf1 71.Rd6+ Kh5 72.Rf6 Bd3
73.Re6 Bf1 74.Re5+ Kg6 75.Kg4 Bc4 76.h5+ Kh6 77.Rc5 Be2+ 78.Kh4 b4 79.Rc6+ Kh7
80.Rb6 Bd3 81.Kg5 b3 82.Rxb3 Bc2 83.Rb7+ Kh8 84.Kh6 Kg8 85.Rg7+ Kf8 86.Rc7 Bb1
87.Kg5 Kg8 88.Kf6 Bd3 89.Rc3 Bb1 90.Rc7 Bd3 91.Rd7 Bb1 92.Rg7+ Kh8 93.Kf7 Ba2+
94.Kg6 Bb1+ 95.Kf6  1-0

[Event "Berlin tt"]
[Site "Berlin-West"]
[Date "1980.??.??"]
[Round "?"]
[White "Keene, Raymond D"]
[Black "Roos, Daniel"]
[Result "1/2-1/2"]
[WhiteElo "2460"]
[BlackElo "2380"]

1.d4 Nf6 2.c4 g6 3.Nc3 d5 4.cxd5 Nxd5 5.e4 Nxc3 6.bxc3 Bg7 7.Nf3 O-O 8.Be2 b6
9.O-O c5 10.Bg5 cxd4 11.cxd4 Bb7 12.Qd3 Qd7 13.Rad1 e6 14.Qe3 Qa4 15.Bh6 Nd7
16.Bxg7 Kxg7 17.d5 exd5 18.Nd4 Ba6 19.Bxa6 Qxa6 20.exd5 Rfe8 21.Qc3 Kg8 22.Nc6 Qxa2
23.d6 f6 24.Ne7+ Kh8 25.Qc7 Nf8 26.d7 Rxe7 27.d8=Q Rxc7 28.Qxc7 Kg8 29.Rfe1 Qa4
30.h3 Re8 31.Rxe8 Qxd1+ 32.Kh2 Qd4 33.Rd8 Qe5+ 34.Qxe5 fxe5 35.Ra8 Kf7 36.Rxa7+ Ke6
37.Kg3 Nd7 38.Kf3 Kd6 39.Ke3 Kc6 40.Kd3 Nc5+ 41.Kc2 Nd7 42.Ra8 Kd6 43.Rh8 Nf6
44.Rf8 Ke6 45.Kd3 h5 46.g3 g5 47.Rb8 Nd7 48.Rg8 Kf5 49.Rh8 Nf6 50.Rc8 b5
51.Rb8 g4 52.h4 Ne4 53.Rf8+ Nf6 54.Rh8 Kg6 55.Rb8 Kf5 56.Rxb5 Ne4 57.Ke3 Nf6
58.Ra5 Ke6 59.Ra6+ Kf5 60.Ra8 Ke6 61.Kd3 Kf5 62.Rh8 Kg6 63.Kc4 Kf7 64.Ra8 Ke6
65.Ra2 Kf5 66.Ra6 Ne4 67.Kd5 Nxf2 68.Ra1 Nd3 69.Rf1+ Nf4+ 70.gxf4 exf4 71.Kd4 g3
72.Kd3 Kg4 73.Ke2  1/2-1/2

[Event "Budapest"]
[Site "Budapest"]
[Date "1980.??.??"]
[Round "?"]
[White "Zsinka, Laszlo"]
[Black "Spiridonov, Nikola"]
[Result "0-1"]
[WhiteElo "2305"]
[BlackElo "2470"]

1.d4 Nf6 2.c4 g6 3.Nc3 d5 4.cxd5 Nxd5 5.e4 Nxc3 6.bxc3 Bg7 7.Bc4 O-O 8.Ne2 Qd7
9.O-O b6 10.Be3 Bb7 11.f3 Nc6 12.Qd2 Na5 13.Bd3 Rfd8 14.Rac1 c5 15.d5 c4
16.Bc2 e6 17.Rfd1 exd5 18.Nf4 Be5 19.Nxd5 Bxd5 20.exd5 Qc7 21.g3 Rd6 22.f4 Bf6
23.Be4 Re8 24.Bf3 Nb7 25.Bd4 Bxd4+ 26.Qxd4 Qc5 27.Re1 Qxd4+ 28.cxd4 Rxe1+
29.Rxe1 Kf8 30.Rc1 b5 31.Kf2 Ra6 32.Rc2 Nd6 33.g4 Ra3  0-1

[Event "Budapest"]
[Site "Budapest"]
[Date "1980.??.??"]
[Round "?"]
[White "Zsinka, Laszlo"]
[Black "Petran, Pal"]
[Result "0-1"]
[WhiteElo "2305"]
[BlackElo "2445"]

1.d4 Nf6 2.c4 g6 3.Nc3 d5 4.cxd5 Nxd5 5.e4 Nxc3 6.bxc3 Bg7 7.Bc4 O-O 8.Ne2 b6
9.O-O Bb7 10.Qd3 a6 11.Be3 b5 12.Bb3 c5 13.Bc2 cxd4 14.cxd4 Nc6 15.Rab1 e6
16.Rfd1 Qe7 17.Qd2 Qa3 18.Bb3 Rfd8 19.d5 exd5 20.exd5 Ne7 21.Bg5 Rd7 22.Qe3 Nxd5
23.Qh3 Qd6 24.Nf4 Nxf4 25.Bxf4 Qxf4 26.Qxd7 Be4 27.Bd5 Bxb1 28.Bxa8 Bxa2
29.Qc8+ Bf8 30.Qxa6 Bc4 31.Qc8 Kg7 32.g3 Qe5 33.Rd8 Qe1+ 34.Kg2 Bf1+ 35.Kf3 Qe2+
36.Kf4 Be7 37.Rg8+ Kh6 38.Be4 Bd6+  0-1

[Event "Buenos Aires"]
[Site "Buenos Aires"]
[Date "1980.??.??"]
[Round "?"]
[White "Timman, Jan H"]
[Black "Olafsson, Fridrik"]
[Result "1-0"]
[WhiteElo "2600"]
[BlackElo "2545"]

1.d4 Nf6 2.c4 g6 3.Nc3 d5 4.cxd5 Nxd5 5.e4 Nxc3 6.bxc3 Bg7 7.Bc4 Nc6 8.Ne2 Qd7
9.Bb5 O-O 10.d5 a6 11.Ba4 Qg4 12.O-O Ne5 13.f4 Bd7 14.Bxd7 Nxd7 15.h3 Qh4
16.Be3 Rfd8 17.Bf2 Qh5 18.Rb1 c6 19.c4 b5 20.cxb5 axb5 21.dxc6 Ne5 22.Nd4 Nc4
23.Qxh5 gxh5 24.Nf5 Bf8 25.Rxb5 e6 26.Ng3 h4 27.Nh5 Be7 28.Rb7 Re8 29.Rc1 Nd6
30.Rxe7 Rxe7 31.Bc5 Nc8 32.Bxe7 Nxe7 33.c7 f5 34.Rd1 Kf7 35.Rd8 Rxa2 36.c8=Q Nxc8
37.Rxc8 Ra1+ 38.Kf2 Ra2+ 39.Ke3 Ra3+ 40.Kd4 Kg6 41.g4  1-0

[Event "Politiken Cup"]
[Site "Copenhagen"]
[Date "1980.??.??"]
[Round "3"]
[White "Auchenberg, Per"]
[Black "Moe, Mogens"]
[Result "1/2-1/2"]
[WhiteElo "2215"]
[BlackElo "2370"]

1.d4 Nf6 2.c4 g6 3.Nc3 d5 4.cxd5 Nxd5 5.e4 Nxc3 6.bxc3 Bg7 7.Bc4 O-O 8.Ne2 c5
9.O-O Nc6 10.Be3 Qc7 11.Rc1 a6 12.h3 b5 13.Bd3 Rd8 14.Qd2 Qd6 15.d5 Ne5 16.c4 Nxd3
17.Qxd3 Bd7 18.Rfd1 f5 19.cxb5 Bxb5 20.Qc2 fxe4 21.Bxc5 Bd3 22.Bxd6 Bxc2
23.Rxc2 Rxd6 24.Ng3 e6 25.Nxe4 Rxd5 26.Rcd2 Rad8 27.Kf1 Rxd2 28.Rxd2 Rd4
29.Rxd4 Bxd4 30.Ng5 e5 31.Ke2 h6 32.Nf3 Bb2 33.Kd3 Kg7 34.Ke4 Kf6 35.g4 Bc3
36.Kd3 Ba5 37.Ke4 Bc3  1/2-1/2

[Event "Hamburg HSK"]
[Site "Hamburg"]
[Date "1980.??.??"]
[Round "7"]
[White "Jacoby, Gisbert"]
[Black "Ghinda, Mihail Viorel"]
[Result "1/2-1/2"]
[WhiteElo "2250"]
[BlackElo "2475"]

1.c4 Nf6 2.Nc3 g6 3.d4 d5 4.cxd5 Nxd5 5.e4 Nxc3 6.bxc3 Bg7 7.Bc4 c5 8.Ne2 Nc6
9.Be3 cxd4 10.cxd4 b5 11.Bxb5 Qa5+ 12.Nc3 Qxc3+ 13.Bd2 Qxd4 14.Bxc6+ Bd7
15.Bxa8 Qxa1 16.Qxa1 Bxa1 17.Ke2 O-O 18.Rxa1  1/2-1/2

[Event "Hamburg HSK"]
[Site "Hamburg"]
[Date "1980.??.??"]
[Round "8"]
[White "Chandler, Murray G"]
[Black "Kiffmeyer, Constanz"]
[Result "1-0"]
[WhiteElo "2450"]
[BlackElo "2310"]

1.d4 Nf6 2.c4 g6 3.Nc3 d5 4.cxd5 Nxd5 5.e4 Nxc3 6.bxc3 Bg7 7.Nf3 c5 8.Be3 Nc6
9.Rc1 cxd4 10.cxd4 O-O 11.d5 Na5 12.Be2 e6 13.O-O exd5 14.exd5 b6 15.d6 Be6
16.Qd2 Qd7 17.Ng5 Rad8 18.Rfd1 Qa4 19.Nxe6 fxe6 20.Bg5 Rd7 21.Be7 Rf5 22.Qc2 Qxc2
23.Rxc2 Kf7 24.Rc7 Ke8 25.Ba6 h5 26.Rxd7 Kxd7 27.Bc8+  1-0

[Event "Favorite"]
[Site "Hamburg"]
[Date "1980.??.??"]
[Round "10"]
[White "Holm Petersen, Sejer"]
[Black "Fries Nielsen, Jens Ove"]
[Result "1/2-1/2"]
[WhiteElo "2395"]
[BlackElo "2355"]

1.d4 Nf6 2.c4 g6 3.Nc3 d5 4.cxd5 Nxd5 5.e4 Nxc3 6.bxc3 Bg7 7.Bb5+ c6 8.Bc4 O-O
9.Ne2 c5 10.O-O Nc6 11.Be3 Bd7 12.Rb1 cxd4 13.cxd4 Na5 14.Bd3 Rc8 15.d5 Nc4
16.Bxc4 Rxc4 17.Rxb7 Rxe4 18.Qb1 Bc8 19.Rxa7 Qxd5 20.Rd1 Rb4 21.Qc1 Qb5 22.Nf4 Bb7
23.h3 e5 24.Nd3 Rc4 25.Qb2 Bc6 26.Qxb5 Bxb5 27.Nc5 Rc8 28.a4 Bc6 29.a5 Bf8
30.Nd7 Ba4 31.Ra1 Bxd7 32.Rxd7 Bc5 33.Bxc5 R4xc5 34.a6 Rc1+ 35.Rxc1 Rxc1+
36.Kh2 Ra1 37.a7 Kg7 38.f3 h5 39.h4 Kf6 40.g4 Ke6 41.Rb7 f6  1/2-1/2

[Event "Malta ol (Women)"]
[Site "La Valetta"]
[Date "1980.??.??"]
[Round "?"]
[White "Bellin, Jana"]
[Black "Vreeken, Corry"]
[Result "1-0"]
[WhiteElo "2220"]
[BlackElo "2160"]

1.d4 Nf6 2.c4 g6 3.Nc3 d5 4.cxd5 Nxd5 5.e4 Nxc3 6.bxc3 Bg7 7.Nf3 O-O 8.Be3 c5
9.Rc1 Bg4 10.Qd2 cxd4 11.cxd4 Nc6 12.d5 Na5 13.Be2 b6 14.O-O Nb7 15.h3 Bxf3
16.Bxf3 Nd6 17.Bf4 b5 18.e5 Nc4 19.Qe2 Rc8 20.a4 a6 21.Rfd1 Rc5 22.axb5 axb5
23.Qe4 Qb6 24.Be2 Rfc8 25.Bg4 Rd8 26.Kh2 h5 27.Be2 Rdc8 28.d6 exd6 29.exd6 Qd8
30.d7 Ra8 31.Qxa8  1-0

[Event "Malta ol (Men)"]
[Site "La Valetta"]
[Date "1980.??.??"]
[Round "?"]
[White "Plachetka, Jan"]
[Black "Schmidt, Wlodzimierz"]
[Result "1/2-1/2"]
[WhiteElo "2480"]
[BlackElo "2430"]

1.d4 Nf6 2.c4 g6 3.Nc3 d5 4.cxd5 Nxd5 5.e4 Nxc3 6.bxc3 Bg7 7.Be3 c5 8.Nf3 Qa5
9.Bd2 O-O 10.Be2 Nd7 11.O-O e5 12.Qb3 exd4 13.cxd4 Qb6 14.Qa3 cxd4 15.Rab1 Qd8
16.Bb5 a6 17.Rfd1 Ne5 18.Nxe5 Bxe5 19.Bc4 b5 20.Bd5 Rb8 21.f4 Bg7 22.Ba5 Qh4
23.g3 Qh3 24.Bc7 Bg4 25.Bxb8 Bxd1 26.Bd6 Rc8 27.Rxd1 Rc2 28.Qf3 Qxh2+ 29.Kf1 Qh3+
30.Kg1 Qh2+ 31.Kf1 Qh3+  1/2-1/2